Enjoyment of management (Record no. 30348)

MARC details
000 -LEADER
fixed length control field 00299nam a2200121Ia 4500
082 ## - DEWEY DECIMAL CLASSIFICATION NUMBER
Classification number 065
Item number DYE
100 ## - MAIN ENTRY--AUTHOR NAME
Personal name Dyer, Frederick C
245 #0 - TITLE STATEMENT
Title Enjoyment of management
260 ## - PUBLICATION, DISTRIBUTION, ETC. (IMPRINT)
Place of publication Bombay
Name of publisher Taraporevala
Year of publication 1972
700 ## - ADDED ENTRY--PERSONAL NAME
Personal name Dyer, John M
942 ## - ADDED ENTRY ELEMENTS (KOHA)
Koha item type Books
Holdings
Withdrawn status Lost status Damaged status Not for loan Home library Current library Date acquired Cost, normal purchase price Full call number Accession Number Koha item type
        RRII Library RRII Library 16/12/2021 20.00 065 DYE 10920 Books